| 000 | 00948pam a2200301 a 4500 | ||
|---|---|---|---|
| 001 | 4206807 | ||
| 003 | GBCCL | ||
| 005 | 20251112134038.0 | ||
| 008 | 811116s1982 ilu b 000 0 eng | ||
| 020 | _a0802463576 | ||
| 020 | _a9780802463579 | ||
| 035 | _a4206807 | ||
| 040 |
_aDLC _cDLC _dDLC |
||
| 082 | 0 | 0 |
_a227.83077 _219 _bKEN 1 |
| 100 | 1 |
_aKent, Homer Austin, _d1926- |
|
| 245 | 1 | 4 |
_aThe Pastoral Epistles : _bstudies in 1 and 2 Timothy and Titus / _cby Homer A. Kent, Jr. |
| 250 | _aRev. ed. | ||
| 260 |
_aChicago : _bMoody Press, _cc1982. |
||
| 300 |
_a313 p. ; _c21 cm. |
||
| 336 |
_atext _btxt _2rdacontent |
||
| 337 |
_aunmediated _bn _2rdamedia |
||
| 338 |
_avolume _bnc _2rdacarrier |
||
| 504 | _aBibliography: p. 307-313. | ||
| 630 | 0 | 0 |
_aBible. _pPastoral Epistles _xCommentaries. |
| 906 |
_a7 _bcbc _corignew _d1 _eocip _f19 _gy-gencatlg |
||
| 942 |
_2ddc _cBK _n0 |
||
| 999 |
_c11023 _d11023 |
||